000 00935nam a2200265 a 4500
001 BRL_435
005 20190320210735.0
008 120813s1952----mx-a######---#010-0#spa-#
041 _aspa
044 _amx
050 4 _aF1219.3M4
_b.M43 1952
245 1 0 _aMedicina pre-cortesiana
_bHomenaje al H. Cuerpo Médico Mexicano de los laboratorios Grupo Rouseel, S.A. Editores
_cprefacio Daniel F. Rubin de la Borbolla ; introducción Marc Jost.
260 _aMéxico
_bGrupo Roussel
_c1952
300 _a1 portafolio (6 páginas, 43 hojas de láminas)
_bil.
_c33 cm.
500 _aAu448
500 _aTítulo tomado del porfolio
500 _aFaltan algunas láminas
650 1 4 _aIndios de México
_xMedicina
_923906
650 1 4 _aMedicina
_xHistoria
_zMéxico
_95513
700 1 _aRubin de la Borbolla, Daniel F.
_918236
700 1 _aJost, Marc
_918383
730 0 _aMedicina precortesiana
_923907
902 _aGRL
942 _2lcc
_cB
999 _c9247
_d9247